Kinda Pregnant/Directed by Tyler Spindel, written by Amy Schumer,Tyler Spindel,Jillian Bell,Will Forte,produced by Adam Sandler, Tim Herlihy ,Amy Schumer ,Molly Sims ,Alex Saks ,Kevin Grady ,Eli Thomas ,Judit Maull (Record no. 20943)

000 -LEADER
fixed length control field 01072nam a22002657a 4500
008 - FIXED-LENGTH DATA ELEMENTS--GENERAL INFORMATION
fixed length control field 250528b xxu||||| |||| 00| 0 eng d
040 ## - CATALOGING SOURCE
Original cataloging agency Cagayan State University-Carig Campus
082 ## - DEWEY DECIMAL CLASSIFICATION NUMBER
Classification number 791.4372
Item number K574
245 ## - TITLE STATEMENT
Title Kinda Pregnant/Directed by Tyler Spindel, written by Amy Schumer,Tyler Spindel,Jillian Bell,Will Forte,produced by Adam Sandler, Tim Herlihy ,Amy Schumer ,Molly Sims ,Alex Saks ,Kevin Grady ,Eli Thomas ,Judit Maull
260 ## - PUBLICATION, DISTRIBUTION, ETC. (IMPRINT)
Place of publication, distribution, etc United States
Name of publisher, distributor, etc Netflix
Date of publication, distribution, etc 2025
300 ## - PHYSICAL DESCRIPTION
Extent 1 videofile,98 minutes:
Other physical details sound,color.
520 ## - SUMMARY, ETC.
Summary, etc A romantic comedy that centers around themes of relationships, Identity, and modern womanhood. It blends humor with contemporary social commentary.

521 ## - TARGET AUDIENCE NOTE
Target audience note R.
546 ## - LANGUAGE NOTE
Language note English.
650 ## - SUBJECT ADDED ENTRY--TOPICAL TERM
Topical term or geographic name as entry element Comedy
650 ## - SUBJECT ADDED ENTRY--TOPICAL TERM
Topical term or geographic name as entry element Romance
700 ## - ADDED ENTRY--PERSONAL NAME
Personal name Schumer,Amy ,star.
700 ## - ADDED ENTRY--PERSONAL NAME
Personal name Bell,Jillian,star.
700 ## - ADDED ENTRY--PERSONAL NAME
Personal name Howey,Brianne ,star.
700 ## - ADDED ENTRY--PERSONAL NAME
Personal name Forte,Will ,star.
700 ## - ADDED ENTRY--PERSONAL NAME
Personal name Dryburgh,Stuart,star.
700 ## - ADDED ENTRY--PERSONAL NAME
Personal name Costain,Tom ,Cinematographer.
700 ## - ADDED ENTRY--PERSONAL NAME
Personal name Titone,J.J. ,editor.
942 ## - ADDED ENTRY ELEMENTS (KOHA)
Source of classification or shelving scheme
Item type Audio-Visual Materials
Holdings
Source of acquisition Price effective from Permanent location Date last seen Not for loan Date acquired Source of classification or shelving scheme Koha item type Collection code Shelving location Damaged status Lost status Withdrawn status Current location Full call number
Donations.2025-05-28Cagayan State University - Carig Library2025-05-28 2025-05-28 Audio-Visual MaterialsElectronic Media CenterElectronic Media Center   Cagayan State University - Carig Library791.4372 K574

Cagayan State University University Library, Carig Campus
Tuguegarao City, Cagayan 3500 | www.csucarig.edu.ph

Powered by Koha